Statistics for Guess the 2010's Artists

Click here to take the quiz!

General Stats

  • This quiz has been taken 327 times
  • The average score is 54 of 100

Answer Stats

HintAnswer% Correct
Shape of You (2017)Ed Sheeran
97%
Shake It Off (2014)Taylor Swift
96%
Locked Out of Heaven (2012)Bruno Mars
93%
God's Plan (2018)Drake
91%
Dark Horse (2013)Katy Perry
91%
Rolling In The Deep (2011)Adele
90%
Wrecking Ball (2013)Miley Cyrus
90%
Baby (2010)Justin Bieber
89%
Chandelier (2015)Sia
89%
Tik Tok (2010)Kesha
85%
Moves Like Jagger (2011)Maroon 5
85%
Happy (2014)Pharrell Williams
84%
Only Girl (In The World) (2010)Rihanna
84%
7 Rings (2019)Ariana Grande
83%
Gangnam Style (2012)PSY
83%
Can't Feel My Face (2015)The Weeknd
83%
Bad Guy (2019)Billie Eilish
82%
Havana (2018)Camila Cabello
80%
Born This Way (2011)Lady Gaga
80%
Old Town Road (2019)Lil Nas X
80%
All About That Base (2015)Meghan Trainor
79%
Royals (2013)Lorde
78%
Call Me Maybe (2012)Carly Rae Jepsen
76%
Take Me to Church (2014)Hozier
75%
What Makes You Beautiful (2012)One Direction
75%
Wake Me Up (2013)Avicii
74%
Believer (2017)Imagine Dragons
72%
POWER (2010)Kanye West
72%
Run the World (Girls) (2011)Beyoncé
71%
Sky Full of Stars (2014)Coldplay
71%
Despacito (2017)Luis Fonsi
71%
All of Me (2013)John Legend
70%
Super Bass (2010)Nicki Minaj
70%
Stressed Out (2015)Twenty One Pilots
70%
Black and Yellow (2011)Wiz Khalifa
70%
Humble (2017)Kendrick Lamar
69%
Treat You Better (2017)Shawn Mendes
69%
Party Rock Anthem (2010)LMFAO
68%
Attention (2018)Charlie Puth
67%
Can't Hold Us (2012)Macklemore
67%
Timber (2012)Pitbull
67%
New Rules (2017)Dua Lipa
66%
Summertime Sadness (2012)Lana Del Ray
66%
Sicko Mode (2018)Travis Scott
64%
N**as In Paris (2011)Jay-Z
62%
Circles (2019)Post Malone
62%
Somebody That I Used To Know (2011)Gotye
61%
Uptown Funk (2015)Mark Ronson
61%
Pompeii (2013)Bastille
60%
Stronger (What Doesn't Kill You) (2012)Kelly Clarkson
58%
Stay With Me (2014)Sam Smith
58%
Titanium (2011)David Guetta
57%
I'm the One (2017)DJ Khaled
55%
Someone You Loved (2019)Lewis Capaldi
54%
We Are Young (2012)Fun
53%
Lucid Dreams (2018)Juice WRLD
52%
Jocelyn Flores (2017)XXXTentacion
51%
I Like It (2018)Cardi B
49%
Dynamite (2010)Taio Cruz
49%
Truth Hurts (2019)Lizzo
46%
Young Dumb & Broke (2017)Khalid
44%
Centuries (2015)Fall Out Boy
42%
Mask Off (2017)Future
41%
No Role Modelz (2014)J. Cole
40%
Redbone (2016)Childish Gambino
38%
Without Me (2019)Halsey
38%
XO Tour Llif3 (2017)Lil Uzi Vert
38%
I Wanna Be Yours (2013)Arctic Monkeys
36%
Sorry Not Sorry (2017)Demi Lovato
36%
Feel So Close (2012)Calvin Harris
35%
Dog Days Are Over (2010)Florence + The Machine
34%
Pumped Up Kicks (2011)Foster The People
34%
Sweater Weather (2013)The Neighbourhood
34%
Youngblood (2018)5 Seconds of Summer
31%
Pink + White (2016)Frank Ocean
31%
Black Beatles (2016)Rae Sremmurd
30%
Ho Hay (2012)The Lumineers
30%
MIC Drop (2017)BTS
28%
Lights (2011)Ellie Goulding
28%
Don't You Worry Child (2012)Swedish House Mafia
28%
Something Just Like That (2017)The Chainsmokers
28%
Under The Influence (2019)Chris Brown
27%
a lot (2018)21 Savage
26%
Bangarang (2011)Skrillex
26%
Lean On (2015)DJ Snake
25%
Good For You (2015)Selena Gomez
25%
House of Memories (2016)Panic! At The Disco
24%
Praise The Lord (Da Shine) (2018)A$AP Rocky
23%
Streets (2019)Doja Cat
19%
Silence (2017)Marshmello
19%
See You Again (2017)Tyler the Creator
19%
Love Me (2013)Lil Wayne
16%
Self Care (2018)Mac Miller
16%
Cruise (2012)Florida Georgia Line
14%
God's Country (2019)Blake Shelton
13%
Country Girl (Shake It For Me) (2011)Luke Bryan
13%
Pick Up the Phone (2016)Young Thug
13%
Wake Up in the Sky (2018)Gucci Mane
11%
Magnolia (2018)Playboy Carti
10%
Cocoa Butter Kisses (2013)Chance The Rapper
7%

Score Distribution

Percentile by Number Answered

Percent of People with Each Score

Your Score History

You have not taken this quiz